| 000 | 01064nam a22003017a 4500 | ||
|---|---|---|---|
| 005 | 20240530110546.0 | ||
| 008 | 160530s2014 ua a g 000 0 ara d | ||
| 017 |
_a2013/17107 _bمصر . دار الكتب المصرية |
||
| 020 | _a9789771029113 | ||
| 040 | _aEG-CaGPL | ||
| 082 | 0 | 4 |
_221 _a371.33 _bن ب |
| 100 | 0 | _aنبيل جاد عزمى . | |
| 245 | 1 | 0 |
_aبيئات التعلم التفاعلية / _cنبيل جاد عزمى . |
| 250 | _aط.1 | ||
| 260 |
_aالقاهرة : _bدار الفكر العربى ، _c2014 . |
||
| 300 |
_a619 ص ؛ _c24 سم . |
||
| 650 | 0 | 4 | _aتكنولوجيا التعليم . |
| 650 | 0 | 4 | _aالرسوم المتحركة . |
| 650 | 0 | 4 | _aالفيديو الفائق . |
| 650 | 0 | 4 | _aالكتاب الالكترونى . |
| 650 | 0 | 4 | _aالالعاب الالكترونية . |
| 650 | 0 | 4 | _aالرحلات المعرفية . |
| 650 | 0 | 4 | _aالتعلم الافتراضى . |
| 650 | 0 | 4 | _aالويب . |
| 650 | 0 | 4 | _aالمدونات . |
| 942 |
_2ddc _cBK |
||
| 999 |
_c62365 _d62365 |
||